Elementary CBS Episodes P1 - Statistics

General Stats
  • This quiz has been taken 2 times
  • The average score is 64 of 95
Answer Stats
season episode title % Correct
A difference in Kind
100%
A Giant Gun, Filled with Drugs
100%
Ancient History
100%
Bella
100%
Child predator
100%
Corpse de Ballet
100%
3 Enough Nemesis to go around
100%
Flight Risk
100%
Hemlock
100%
Internal Audit
100%
Lesser Evils
100%
M
100%
No Lack of Void
100%
Paint it Black
100%
1 Pilot
100%
Poison Pen
100%
Rat Race
100%
Rip Off
100%
Snow Angels
100%
2 Step Nine
100%
terra Pericolosa
100%
The Deductionist
100%
The Five Orange pipz
100%
The Illustrious Client
100%
The Invisible Hand
100%
The Long Fuse
100%
The Marchioness
100%
The Red Team
100%
The Woman
100%
Tremors
100%
We are Everyone
100%
When Your Number's Up
100%
While you were sleeping
100%
Absconded
50%
A Burden of Blood
50%
A Controlled Descent
50%
Ain't Nothing like the Real Thing
50%
A Landmark Story
50%
All in
50%
All in the Family
50%
All my Exes live in Essex
50%
Alma matters
50%
An Unnatural Arrangement
50%
Art Imitates Art
50%
Art in the Blood
50%
A Stitch in Time
50%
A study in Charlotte
50%
A View with a Room
50%
Blood is thicker
50%
Dead Clade Walking
50%
Dead Man's Switch
50%
Deja Vu All Over Again
50%
Details
50%
Dirty Laundry
50%
Down Where the dead Delight
50%
Ears to You
50%
End of Watch
50%
Evidence of Things not Seen
50%
For All You Know
50%
Hounded
50%
Just a Regular Irregular
50%
Miss Taken
50%
Murder Ex Machina
50%
One Watson, One Holmes
50%
One way to get off
50%
On the Line
50%
Possibility Two
50%
Ready or not
50%
Risk Management
50%
Seed Money
50%
Solve for X
50%
Tag, You're me
50%
T-Bone and the Iceman
50%
The Adventure of the Nutmeg Concoction
50%
The Best Way Out is always Through
50%
The Cost of Doing Business
50%
The Diabolical Kind
50%
The Eternity Injection
50%
The Female of the species
50%
The Games Underfoot
50%
The Grand Experiment
50%
The Hound of the Cancer cells
50%
The leviathan
50%
The Many Mouths of Aaron Colville
50%
The One Percent Solution
50%
The One that got Away
50%
4 The Past is parent
50%
The View from Olympus
50%
Turn it Upside Down
50%
Under My Skin
50%
Up to heaven and down to Hell
50%
Who is that Masked man?
50%
You Do it Yourself
50%
You've got me, Who's Got You?
50%
The Man witht the Twisted Lip
0%
No matching quizzes found
Score Distribution
Percent of People with Each Score
Percentile by Number Answered
Your Score History
You have not taken this quiz